Statistics for 4 Groups of 4- Geography #1

Click here to take the quiz!

General Stats

  • This quiz has been taken 521 times
  • The average score is 14 of 16

Answer Stats

HintAnswer% Correct
Countries bordering the East China SeaChina
98%
US States bordering MexicoTexas
98%
UK Constituent CountriesEngland
97%
US States bordering MexicoNew Mexico
97%
UK Constituent CountriesNorthern Ireland
97%
UK Constituent CountriesScotland
97%
UK Constituent CountriesWales
97%
US States bordering MexicoCalifornia
96%
Countries bordering the East China SeaJapan
96%
Countries bordering the East China SeaSouth Korea
95%
US States bordering MexicoArizona
94%
Countries bordering the East China SeaTaiwan
93%
Main Islands of JapanHonshu
86%
Main Islands of JapanHokkaido
79%
Main Islands of JapanKyushu
54%
Main Islands of JapanShikoku
44%

Score Distribution

Percentile by Number Answered

Percent of People with Each Score

Your Score History

You have not taken this quiz